Rivers and water management (Record no. 56595)

MARC details
000 -LEADER
fixed length control field 00607nam a2200169 a 4500
008 - FIXED-LENGTH DATA ELEMENTS--GENERAL INFORMATION
fixed length control field 161025s2003 ||||||||||||||||| || u
020 ## - INTERNATIONAL STANDARD BOOK NUMBER
International Standard Book Number 0340846356
050 ## - LIBRARY OF CONGRESS CALL NUMBER
Classification number TC 401 Nag
100 ## - MAIN ENTRY--PERSONAL NAME
Personal name Nagle, Garrett
245 10 - TITLE STATEMENT
Title Rivers and water management
Statement of responsibility, etc. by Garrett Nagle
260 ## - PUBLICATION, DISTRIBUTION, ETC.
Place of publication, distribution, etc. London
Name of publisher, distributor, etc. Hodder and Stoughton
Date of publication, distribution, etc. 2003
300 ## - PHYSICAL DESCRIPTION
Extent iv, 140p. ill
490 ## - SERIES STATEMENT
Series statement Access to geography
650 ## - SUBJECT ADDED ENTRY--TOPICAL TERM
Topical term or geographic name entry element WATER CONSERVATION
650 #7 - SUBJECT ADDED ENTRY--TOPICAL TERM
Topical term or geographic name entry element WATER MANAGEMENT
Source of heading or term unbist
995 ## - RECOMMENDATION 995 [LOCAL, UNIMARC FRANCE]
-- CBU-MAIN LIBRARY (Kitwe)
-- 1
-- AVAILABLE
-- Dec 7, 2016
-- Main Library Open Access Collection
Holdings
Withdrawn status Lost status Source of classification or shelving scheme Damaged status Not for loan Home library Current library Shelving location Date acquired Total Checkouts Full call number Barcode Date last seen Price effective from Koha item type
          CBU-MAIN LIBRARY, KITWE. CBU-MAIN LIBRARY, KITWE.   11/30/2022   TC 401 Nag 747284 11/30/2022 11/30/2022 MONOGRAPH